000 00515nam a22002057a 4500
005 20260424122250.0
008 260424b |||||||| |||| 00| 0 eng d
037 _cDSWL
040 _aDSWL
_cDSWL
041 _heng
100 _aNorthen, H
245 _aSocial work with groups
250 _a3rd
260 _aJaipur,
_bRawat Publication,
_c2017
300 _a514p
365 _aINR
_b1595
700 _aR Kurland
_91235657
942 _2CC
_cTEXL
_n0
999 _c1848510
_d1848510